المدينة بين التنسيق والتأصيل / al-Madīnah bayna al-tansīq wa-al-taʼṣīl

محفوظ في:

المؤلف الرئيسي: Yaḥyá al-Zaynī..

التنسيق: كتاب

اللغة: Undetermined

منشور في: Cairo : al-Jihāz al-Qawmī lil-Tansīq al-Ḥaḍārī, 2011.

الموضوعات:

الوسوم: إضافة وسم

لا توجد وسوم, كن أول من يضع وسما على هذه التسجيلة!

رقم الطلب: HT148 .E35 Z392

LEADER 00671nam a2200181Ia 4500
008 240329s9999||||xx |||||||||||||| ||und||
020 |a 9789777045032 
050 4 |a HT148 .E35 Z392 
100 1 |a Yaḥyá al-Zaynī.. 
245 1 0 |a المدينة بين التنسيق والتأصيل / al-Madīnah bayna al-tansīq wa-al-taʼṣīl  |c Yaḥyá al-Zaynī. 
264 1 |a Cairo :  |b al-Jihāz al-Qawmī lil-Tansīq al-Ḥaḍārī,  |c 2011. 
300 |a 358  |b illustrations (some color), maps (some colors)  |c 29 
650 |a Architecture 
650 |a Architecture Egypt 
650 |a Architecture Égypte 
650 |a Architecture islamique Égypte 
942 |2 lcc  |c BK 
999 |c 57827  |d 57827